000 00506nmm a2200169Ia 4500
008 251105s9999||||xx |||||||||||||||||und||
020 _a9788416375431
041 _aspa
100 _aFernández de Moratín, Nicolás
245 0 _aArte de las putas
264 _a[Madrid, España] :
_bEditorial Minimal,
_c2015
300 _a139 páginas
490 _aImprescindibles de la literatura castellana
650 _aSpanish poetry
856 _uhttps://public.digitaliapublishing.com/a/40360
942 _cCF
999 _c77652
_d77652